| 000 | 01591cam a2200337 a 4500 | ||
|---|---|---|---|
| 001 | 1878 | ||
| 005 | 20231006122156.0 | ||
| 020 | _a9781595665485 | ||
| 020 |
_a159566548X : _c$28.50 |
||
| 040 |
_aDLC _cDLC _dIG# _dBAKER _dBTCTA _dJAG _dGRC _dQBX _dLF3 _dDLC |
||
| 050 | 0 | 0 |
_aQE861.5 _b.M3629 2008 |
| 082 | 0 | 0 |
_a567.9 _222 |
| 100 | 1 | _aMatthews, Rupert. | |
| 245 | 1 | 0 |
_aDinosaur families : _bunearth the secrets behind dinosaur fossils / _cRupert Matthews. |
| 260 |
_aLaguina Hills, CA : _bQED Pub., _c2008. |
||
| 300 |
_a32 pages : _bcolor illustrations, maps ; _c28 cm |
||
| 490 | 1 | _aDinosaur dig | |
| 500 | _aIncludes index. | ||
| 505 | 0 | _aQ | |
| 505 | 0 | _aDinosaur dig -- Caring for the eggs -- The nursery -- Youngsters -- Leaving the next -- Life skills -- Under attack -- Going it alone -- Threat displays -- Power struggle -- Herd instinct -- The end of the story -- Dino guide. | |
| 520 | _a"Describes dinosaur fossils that have been found around the world and what is known about how they interacted with their young and with each other. Includes dinosaurs from the Triassic, Jurassic, and Cretaceous periods"--Provided by publisher. | ||
| 521 |
_a910
_bLexile IG |
||
| 521 |
_aQ
_bRaz-Plus |
||
| 650 | 0 |
_aDinosaurs _xBehavior _vJuvenile literature. |
|
| 650 | 0 |
_aParental behavior in animals _vJuvenile literature. |
|
| 650 | 0 |
_aPaleontology _yTriassic _vJuvenile literature. |
|
| 650 | 0 |
_aPaleontology _yJurassic _vJuvenile literature. |
|
| 650 | 0 |
_aPaleontology _yCretaceous _vJuvenile literature. |
|
| 906 |
_a7 _bcbc _corignew _d1 _eecip _f20 _gy-gencatlg |
||
| 942 |
_2ddc _cBK _n0 |
||
| 999 |
_c1878 _d1878 |
||